1317 1357 1660 1664 1243 1354 1825 1068 1842 1211 1385 1700 2000 1943 1585 1970 1653 1254 1403 1457 1177 1166 1635 1213 1583 1232 1318 1462 1762 1459 1398 1247 1755 1363 1420 1804 1631 1599 1204 1743 1237 1755 1909 1874 1621 1016 1761 1070 1766 1674 1254 1783 1448 1151 1193 1440 1870 1986 1411 1448 1191 1051 1729 1467 1555 1679 1618 1694 1843 1719 1740 1466 1353 1387 1311 1798 1300 1453 1971 1523 1060 1335 1663 1745 1875 1541 1622 1223 1459 1741 1446 1272 1386 1775 1646 1882 1499 1385 1245 BCNSPRNW ULIB Ver.6.0+V

เปลี่ยนเป็นภาษาไทย

Change to English
 แสดงรายละเอียดบรรณานุกรม
  กลับหน้าหลัก

Brief Record : Get Marc (ISO 2709) : E-mail record : QR code < ปิดหน้าต่าง
LEADER : 00000nam 2200000uu 4500
001    13399128341
003     ULIB
008    230613s2565||||th 000 0 tha d
020    ^a9786165934718
060    ^aWY152^bพ231ก
100    ^aพรชัย จูลเมตต์
245    ^aการพยาบาลผู้สูงอายุโรคหลอดเลือดสมอง/^cพรชัย จูลเมตต์
250    ^aพิมพ์ครั้งที่ 1
260    ^aชลบุรี :^bคณะพยาบาลศาสตร์ มหาวิทยาลัยบูรพา,^c2565
300    ^a142 หน้า;^c26 ซม.
650    ^aโรคหลอดเลือดสมอง^xการพยาบาล
945    ^p200^l0^i29599
945    ^p200^l0^i29600
945    ^p200^l0^i29601
945    ^p200^l0^i29602
945    ^p200^l0^i29603
999    ^aกัณชพร จุลอักษร
รายการนี้ยังไม่มีแท็ก
คุณยังไม่ได้ล็อกอิน คุณสามารถมีกิจกรรมร่วมกับเว็บไซต์ได้ แต่ต้องล็อกอินก่อน ::
  ล็อกอิน

รายการสื่อสารสนเทศ

ลำดับที่ ประเภท เลขเรียก/บาร์โค้ด สถานที่ สถานะ
1. หนังสือสำรอง
หนังสือสำรอง
WY152 พ231ก ฉ.1 
  Barcode: 29599
ห้องสมุดวิทยาเขตนครสวรรค์
►หนังสือทั่วไป:l:General Books
บนชั้น
2. วิทยาศาสตร์การแพทย์ และสุขภาพ
วิทยาศาสตร์การแพทย์ และสุขภาพ
WY152 พ231ก ฉ.2 
  Barcode: 29600
ห้องสมุดวิทยาเขตนครสวรรค์
►หนังสือทั่วไป:l:General Books
บนชั้น
3. วิทยาศาสตร์การแพทย์ และสุขภาพ
วิทยาศาสตร์การแพทย์ และสุขภาพ
WY152 พ231ก ฉ.3 
  Barcode: 29601
ห้องสมุดวิทยาเขตนครสวรรค์
►หนังสือทั่วไป:l:General Books
บนชั้น
4. วิทยาศาสตร์การแพทย์ และสุขภาพ
วิทยาศาสตร์การแพทย์ และสุขภาพ
WY152 พ231ก ฉ.4 
  Barcode: 29602
ห้องสมุดวิทยาเขตนครสวรรค์
►หนังสือทั่วไป:l:General Books
บนชั้น
5. วิทยาศาสตร์การแพทย์ และสุขภาพ
วิทยาศาสตร์การแพทย์ และสุขภาพ
WY152 พ231ก ฉ.5 
  Barcode: 29603
ห้องสมุดวิทยาเขตนครสวรรค์
►หนังสือทั่วไป:l:General Books
บนชั้น

รายการใกล้เคียง
    ผู้แต่ง [พรชัย จูลเมตต์]

BibComment


ยังไม่เคยถูกคอมเมนท์

คอมเมนท์ทรัพยากรรายการนี้
  คอมเมนท์: การพยาบาลผู้สูงอ..


 Copyright 2026. Bcnsprnw @Library